[Event "World Team-ch Open 2019"]
[Site "Astana"]
[Date "2019.03.07"]
[Round "3.9"]
[White "Amin, Bassem"]
[Black "Adhiban, B.."]
[Result "0-1"]
[WhiteElo "2709"]
[BlackElo "2683"]
[Annotator "TA"]
[PlyCount "100"]
[EventDate "2019.02.05"]
[EventType "team-tourn"]
[EventCountry "KAZ"]
[SourceTitle "playchess.com"]
[Source "ChessBase"]
[SourceQuality "1"]
[WhiteTeam "Egypt"]
[BlackTeam "India"]
[WhiteTeamCountry "EGY"]
[BlackTeamCountry "IND"]

{[%evp 18,100,26,15,22,16,19,7,10,9,18,-44,-52,-70,-62,-46,-54,-45,-41,-65,-58,-64,-20,-27,-31,-14,-14,-17,-29,-16,0,0,0,0,0,0,0,-79,-84,-89,-86,-87,-86,-201,-209,-193,-207,-186,-147,-142,-138,-127,-89,-200,-172,-285,-277,-321,-310,-360,-239,-347,-319,-335,-324,-384,-373,-368,-361,-409,-402,-549,-549,-513,-511,-441,-410,-583,-568,-533,-541,-734,-732,-732,-722]} 1. Nf3 d5 2. g3 g6 3. Bg2 Bg7 4. d4 Nf6 5. O-O O-O 6. c4 dxc4 7. Na3 c3 8. bxc3 c5 9. Re1 {D77: Fianchetto Grünfeld: 6 0-0: Replies other than 6...c6} Nc6 10. Bb2 {LiveBook: 44 Games} Nd7 (10... Nd5 11. Qc2 cxd4 12. Nxd4 Nf6 13. Nxc6 bxc6 14. c4 Bf5 15. Qc1 Qc7 16. Nc2 Rab8 {1-0 (39) Mamedyarov,S (2809)-Grischuk,A (2767) Berlin 2018 CBM 184 [Krasenkow,M]}) 11. Qc2 {The position is equal.} Nb6 {[%cal Rc5d4]} 12. Rad1 Bf5 13. e4 Bg4 {[#]} 14. d5 $146 (14. dxc5 $11 Nd7 15. h3 Bxf3 16. Bxf3) ({Predecessor:} 14. h3 Bxf3 15. Bxf3 Qc8 16. Bg2 e6 17. dxc5 {0-1 (67) Dreev,A (2652)-Puranik,A (2509) Bastia 2017}) 14... Ne5 $15 15. Nxe5 Bxd1 (15... Bxe5 $6 16. Rb1 $16) 16. Rxd1 {Black must now prevent c4.} Bxe5 17. f4 Bg7 18. e5 Qd7 19. c4 Qa4 {And now ...Qxc2 would win.} 20. Qc1 f6 21. Re1 fxe5 22. Bxe5 Bxe5 23. Rxe5 Nd7 24. Re3 a6 25. Bh3 Rae8 26. Be6+ Kg7 27. Qb2+ (27. Nb1 $11 {keeps the balance.} Nf6 28. Nd2) 27... Nf6 $17 28. Kg2 {g4 would now be nice for White.} Qd1 29. Nb1 Qd4 30. Qe2 {[#]} (30. Qxd4 $17 cxd4 31. Rd3) 30... b5 $1 $19 31. cxb5 axb5 ({Not} 31... Nxd5 32. Rd3 $14) 32. Nc3 Qc4 33. Nxb5 {[#]} Qxe2+ $1 ({Don't play} 33... Nxd5 34. Re5 $15) 34. Rxe2 Ra8 35. Nc3 (35. d6 $17) 35... Ra3 36. Rc2 (36. Nb5 $142 Ra5 37. Nc3) 36... Rb8 37. Nd1 Ne4 38. Bg4 Rd3 39. Re2 (39. Be2 {only move.} Rxd5 40. Kf3) 39... Rd2 ({Much less strong is} 39... Rxd1 40. Rxe4 Rd2+ 41. Kf3 $19) 40. Rxd2 Nxd2 {[%mdl 4096] Endgame KRN-KBN} 41. a4 Rb3 42. Kf2 Ne4+ 43. Ke1 Ra3 44. Bd7 c4 {[%cal Bc5c4,Bc4c3][%mdl 32]} 45. Bb5 c3 46. Ne3 Ra2 47. Kd1 (47. Bd3 {was forced.} Nc5 48. Bc2) 47... Rd2+ {Black is clearly winning.} 48. Kc1 Nc5 {( -> ...Nb3+)} 49. Nc2 Nb3+ 50. Kb1 Rxh2 {Precision: White = 42%, Black = 80%.} 0-1

[Event "World Team-ch Open 2019"]
[Site "Astana"]
[Date "2019.03.07"]
[Round "3.10"]
[White "Sasikiran, Krishnan"]
[Black "Adly, Ahmed"]
[Result "1/2-1/2"]
[WhiteElo "2678"]
[BlackElo "2611"]
[Annotator "TA"]
[PlyCount "201"]
[EventDate "2019.02.05"]
[EventType "team-tourn"]
[EventCountry "KAZ"]
[SourceTitle "playchess.com"]
[Source "ChessBase"]
[SourceQuality "1"]
[WhiteTeam "India"]
[BlackTeam "Egypt"]
[WhiteTeamCountry "IND"]
[BlackTeamCountry "EGY"]

{[%evp 10,201,53,61,54,47,60,12,26,17,28,6,5,0,0,0,19,25,16,30,12,7,63,29,85,0,72,72,64,67,87,84,196,172,165,180,178,177,190,196,167,107,107,104,100,96,107,96,138,133,276,263,352,341,400,390,331,0,338,97,144,98,101,144,121,97,86,89,96,113,83,79,112,77,74,83,65,35,165,14,64,14,43,0,0,0,9,0,0,-85,-31,-29971,-29972,-29969,-29973,-29973,-29973,-29973,-29974,-29973,-29973,-6238,-1069,-1281,-981,-975,-752,-473,-430,-430,-429,-754,-573,-531,-276,-985,-5712,-4618,-2011,-929,0,0,0,0,0,-6,0,0,0,-18,-18,-18,-8,-8,-8,-18,-18,-18,-18,-18,-18,-18,-18,-18,-17,-18,-18,-18,-18,-18,-18,-20,-20,-20,-20,-20,-20,-26,-26,-26,-26,-26,-26,-26,-26,-26,-26,-26,-26,-26,-26,-28,-28,-28,-26,-26,-26,-26,-26,-26,-26,-26,-26,-26,-26,-26,-26,-26,-26,-26,-26,-26,-26,-26]} 1. e4 c5 2. Nf3 Nf6 3. e5 Nd5 4. Nc3 Nxc3 5. dxc3 Nc6 6. Bf4 Qc7 {B29: Sicilian: 2 Nf3 Nf6 (Nimzowitsch Variation)} (6... e6 7. Qd2 h6 8. h4 a6 9. h5 b5 10. a4 b4 11. Bd3 Bb7 12. Be4 Qc7 13. O-O bxc3 14. bxc3 Ne7 15. Bxb7 Qxb7 {1-0 (77) Carlsen,M (2835)-Popov,I (2592) St Petersburg 2018}) 7. Bc4 e6 8. Qe2 (8. h4 {with more complications.} b6 9. Qd2 Bb7 10. Be2 h6 11. O-O-O) 8... Na5 {The position is equal.} 9. Nd2 $146 ({Predecessor:} 9. O-O Nxc4 10. Qxc4 b6 11. Rad1 Bb7 12. Ng5 Qc6 13. f3 f6 14. exf6 gxf6 15. Ne4 {0-1 (29) Mandery,M (1989)-Otterstaetter,S (2159) Germany 2004}) 9... Nxc4 10. Nxc4 b5 11. Ne3 $36 {[%mdl 2048] White is more active.} Qc6 12. h4 Bb7 13. h5 h6 14. O-O-O a5 15. Rh4 a4 ({Better is} 15... c4 $11) 16. Bg3 b4 (16... Be7 $11) 17. c4 (17. Qd3 $16) 17... Qc7 (17... Be7 $11) 18. Rg4 $16 Bc6 19. f4 O-O-O 20. f5 Qb7 (20... Re8 $16 {was necessary.}) 21. Bh4 $18 Re8 22. f6 gxf6 23. Bxf6 Be7 24. Bxe7 Rxe7 25. Qf2 (25. Rg7 $1 $18) 25... Qc7 $16 26. Qf6 Ree8 27. Rg7 a3 28. b3 Rhg8 29. g4 $1 (29. Rxf7 $6 Rg5 $11) (29. Qxf7 $2 Rgf8 $19) 29... Kb7 (29... Rxg7 $16 30. Qxg7 Kb7) 30. Rxf7 $18 Rg5 31. Rd6 Kc8 32. Rh7 Rgg8 33. Rf7 $2 (33. Rxh6 Rgf8 $18) (33. Qxh6 $18 Qd8 34. Qf6) 33... Rh8 $2 {[%mdl 8192]} (33... Rg5 $11 {and Black stays safe.}) 34. Qf4 $2 (34. Kd2 $18) 34... Qd8 $16 35. Rf6 Ref8 36. Rd1 Rxf6 37. exf6 Qc7 38. Rf1 Qxf4 39. Rxf4 {[%mdl 4096] Endgame KRB-KRN} Kd8 40. c3 bxc3 41. Kc2 Ke8 42. Kxc3 Kf7 43. b4 Rb8 (43... cxb4+ $14 44. Kxb4 Rb8+ 45. Kxa3 Ra8+ 46. Kb2 Rb8+ 47. Ka3 Ra8+ 48. Kb3 Rb8+ 49. Kc2 Ra8) 44. Nc2 $2 (44. bxc5 $6 Rb1 $16) (44. b5 $18 Bb7 45. Rf1) 44... e5 45. Rf1 d5 46. cxd5 Bxd5 47. bxc5 Rb5 48. Ne3 Bxa2 49. c6 {[#]} (49. Nf5 $11 {remains equal.} Rb3+ 50. Kc2 Rb2+ 51. Kc3 Rb3+ 52. Kd2 Rb2+ 53. Ke3 Rb3+ 54. Ke2 (54. Ke4 $2 Bb1+ 55. Kd5 a2 $19) 54... Rb2+ 55. Ke3 Rb3+ 56. Ke2 (56. Ke4 $2 Bb1+ 57. Kd5 a2 $19) 56... Rb2+ 57. Ke3) 49... Bb1 ({Black should try} 49... Be6 $1 $17 50. g5 hxg5) 50. Rxb1 $2 {[%mdl 8192]} (50. Kc4 $15 a2 51. Kxb5 Bd3+ 52. Kb4 Bxf1 53. Nc2) 50... Rxb1 $15 {KR-KN} 51. c7 a2 52. c8=Q a1=Q+ {KQR-KQN} 53. Kd2 Qd4+ 54. Ke2 Rb2+ 55. Nc2 e4 (55... Qd5 $142 56. Qc3 Qg2+ {[%mdl 64] Double Attack} 57. Kd3 e4+ 58. Kd4 Rxc2 59. Qb3+ Kxf6 60. Qb6+ Kg5 61. Qd8+ Kxg4 62. Qd7+ Kh4) 56. Qc7+ $19 Kxf6 57. Qf4+ Ke7 58. Qc7+ Ke6 59. Qc8+ {[#]} Qd7 $1 {[%cal Rd7c8]} ({Don't play} 59... Ke7 60. Qc7+ Kf6 61. Qf4+ Kg7 62. Qc7+ Kf6 $19) 60. Qg8+ (60. Qc4+ $142 Ke7 61. Ke3) 60... Kd6 61. Kd2 Rb6 62. Ke3 $2 (62. Qh8) 62... Kc5 63. Qf8+ Kc4 64. Kf4 Kd3 $2 (64... Rb3 $19 {( -> ...Rf3+)} 65. Ne3+ Kd3) 65. Qa3+ $11 Kc4 ({Much worse is} 65... Kxc2 $6 66. Qc5+ Kd3 67. Qe3+ Kc4 68. Qxb6 $16) (65... Kxc2 $5 66. Qc5+ $8 {[%mdl 64] Double Attack} Kd3 67. Qe3+ {[%mdl 64] Double Attack} Kc4 68. Qxb6 Qe7 $16) 66. Ne3+ Kb5 67. Qb3+ Ka6 68. Qc4+ Ka7 69. Nf5 Qd2+ 70. Ke5 e3 71. Nd4 Qg2 72. Qa4+ Ra6 73. Qd7+ Qb7 74. Qxb7+ Kxb7 {KR-KN} 75. Ke4 Kc7 76. Kxe3 Kd6 77. Nf3 Ke6 78. g5 hxg5 79. Nxg5+ Kf5 80. Nf3 Ra3+ 81. Ke2 Kg4 (81... Ke4 {is interesting.} 82. Nd2+ Kf4 83. h6 Re3+ 84. Kf2 Rh3) 82. Nd4 Kxh5 {aiming for ...Kg5.} 83. Nc2 Rh3 {Black has an edge.} 84. Nd4 Kg5 85. Kd2 Kf4 86. Ne2+ Ke4 87. Nc3+ Kd4 88. Ne2+ Kc4 89. Nf4 Rg3 {Strongly threatening ...Rf3.} 90. Ke2 Kd4 {...Ke4 is the strong threat.} 91. Kf2 Ra3 {And now ...Ke4 would win.} (91... Re3 {keeps more tension.} 92. Ne2+ Ke4 93. Ng3+ Kd3 94. Kg2 Re6) 92. Ne2+ Ke5 93. Ng3 Kf4 94. Ne2+ Kg4 95. Ng1 Rb3 96. Ne2 Rf3+ 97. Ke1 Rd3 {Threatens to win with ...Kf3.} 98. Kf2 Kf5 {White must now prevent ...Ke4.} 99. Ng3+ Kf4 100. Ne2+ Kg4 {Hoping for ...Ra3.} 101. Ng1 {Accuracy: White = 51%, Black = 50%.} 1/2-1/2

[Event "World Team-ch Open 2019"]
[Site "Astana"]
[Date "2019.03.07"]
[Round "3.11"]
[White "Fawzy, Adham"]
[Black "Ganguly, Surya Shekhar"]
[Result "0-1"]
[WhiteElo "2461"]
[BlackElo "2633"]
[Annotator "TA"]
[PlyCount "96"]
[EventDate "2019.02.05"]
[EventType "team-tourn"]
[EventCountry "KAZ"]
[SourceTitle "playchess.com"]
[Source "ChessBase"]
[SourceQuality "1"]
[WhiteTeam "Egypt"]
[BlackTeam "India"]
[WhiteTeamCountry "EGY"]
[BlackTeamCountry "IND"]

{[%evp 14,96,18,17,20,27,27,17,13,0,0,0,0,-69,-72,-125,-118,-177,-196,-186,-150,-136,-142,-146,-141,-243,-239,-295,-298,-285,-210,-313,-325,-329,-320,-316,-321,-281,-282,-333,-339,-427,-429,-445,-454,-457,-452,-503,-459,-596,-628,-592,-592,-618,-647,-611,-531,-501,0,-652,-631,-643,-629,-589,-573,-583,-567,-762,-737,-827,-726,-1093,-828,-755,-506,-820,-674,-664,-665,-1179,-1176,-914,-835,-753,-566]} 1. e4 c5 2. Nf3 e6 3. d4 cxd4 4. Nxd4 Nc6 5. Nc3 Qc7 6. Be3 a6 7. Qd2 Nf6 8. O-O-O Be7 {B48: Sicilian: Taimanov: 5 Nc3 Qc7 6 Be3 a6 without Be2} 9. f3 b5 10. g4 Nxd4 {The position is equal.} 11. Bxd4 Bb7 12. g5 Nh5 13. e5 $146 (13. Kb1 $11) ({Predecessor:} 13. Ne2 Rc8 14. c3 O-O 15. Bh3 f5 16. gxf6 Nxf6 17. Bxf6 Rxf6 18. Qxd7 Rxf3 19. Qxe6+ {1-0 (30) Fedoseev,V (2724)-Quesada Perez,Y (2627) chess.com INT 2018}) 13... Rc8 {And now ...b4 would win.} 14. Kb1 (14. Rg1 $142) 14... Bxf3 $17 {[%mdl 64] Double Attack} 15. Be2 (15. Bg2 $17 Bxd1 16. Rxd1) 15... Bxh1 $19 16. Rxh1 Qc6 17. Rf1 b4 18. Bxh5 g6 $36 {[%mdl 2048] Black has strong initiative.} 19. Ne2 (19. Bd1 $17 {was worth a try.} bxc3 20. Bxc3) 19... gxh5 20. Ng3 {[#]} h4 $1 {[%cal Rh4g3]} 21. Nh5 Qe4 22. Ng7+ (22. Be3 $142) 22... Kf8 23. Nh5 Rg8 24. Nf6 Bxf6 $1 25. exf6 Rg6 26. Bc5+ Kg8 27. Bxb4 {[#]} h6 $1 28. Bc3 (28. gxh6 Rg2) 28... d5 29. Re1 Qf5 30. gxh6 Kh7 31. Qd4 Rg2 32. Rc1 Rc4 33. Qa7 Qg6 34. h3 Rg3 35. Bd4 Rg2 {[%cal Rc4c2]} 36. Bc3 Rh2 {Black is clearly winning.} 37. a3 {Hoping for Rg1.} Rxh3 38. Be5 Rg4 39. Ka2 Rg2 40. c4 dxc4 41. Rxc4 Rg1 {[%csl Gg1][%cal Rg6b1]} 42. Bc3 Rc1 43. Qd4 a5 44. a4 (44. Qg4 $142 Qxg4 45. Rxg4) 44... Qb1+ 45. Ka3 {Now Qg4 and White clings on.} Qc2 {[%cal Rc1a1]} 46. Qe4+ Qxe4 47. Rxe4 Rhxc3+ 48. bxc3 h3 {Accuracy: White = 43%, Black = 96%.} 0-1

[Event "World Team-ch Open 2019"]
[Site "Astana"]
[Date "2019.03.07"]
[Round "3.12"]
[White "Aravindh, Chithambaram VR."]
[Black "Abdelnabbi, Imed"]
[Result "1-0"]
[WhiteElo "2599"]
[BlackElo "2435"]
[Annotator "TA"]
[PlyCount "163"]
[EventDate "2019.02.05"]
[EventType "team-tourn"]
[EventCountry "KAZ"]
[SourceTitle "playchess.com"]
[Source "ChessBase"]
[SourceQuality "1"]
[WhiteTeam "India"]
[BlackTeam "Egypt"]
[WhiteTeamCountry "IND"]
[BlackTeamCountry "EGY"]

{[%evp 26,163,8,0,24,18,18,15,6,10,27,9,10,6,10,0,0,0,0,-77,-70,-96,-81,-107,-94,-112,-104,-108,-95,-146,-118,-95,-70,-158,-130,-142,-125,-213,-224,-219,-227,-249,-229,-304,-251,-236,-238,-192,-31,-45,-52,-52,0,0,0,0,0,0,0,3,5,0,0,0,0,0,0,0,0,-7,0,0,0,0,0,-10,0,0,0,0,0,0,0,0,0,0,0,0,0,0,0,0,0,0,0,0,0,0,0,0,0,0,5,8,96,114,107,109,128,68,68,66,1687,1743,1465,1381,1381,1055,6083,5467,6079,0,1711,0,5754,4604,29973,29974,29974,29975,29974,1164,29975,29975,29981,29982,29977,29978,29987,29986]} 1. e4 e5 2. Nf3 Nc6 3. Bb5 a6 4. Ba4 Nf6 5. O-O Be7 6. Re1 b5 7. Bb3 O-O 8. c3 d6 9. h3 Bb7 10. d4 Re8 11. Nbd2 Bf8 12. a3 g6 13. Bc2 Bg7 14. Nf1 {LiveBook: 5 Games. C92: Closed Ruy Lopez: 9...Be6, Karpov and Flohr-Zaitsev Variations} (14. Nb3 Rb8 15. Bg5 h6 16. Bh4 Qc8 17. d5 Ne7 18. Bxf6 Bxf6 19. Na5 Ba8 20. b4 Kg7 21. Bb3 Rd8 {0-1 (37) David,A (2571)-Gareyev,T (2606) Bhopal 2017}) 14... exd4 15. cxd4 Na5 {[%cal Rf6e4]} 16. Ng3 {The position is equal.} c5 $146 ({Predecessor:} 16... Nc4 17. b3 Nb6 18. Bb2 c5 19. h4 Nbd7 20. h5 cxd4 21. Nxd4 Nc5 {1-0 (36) Sadeghi,B-Schiffer,S (2100) Wiesbaden 1996}) 17. d5 Nd7 18. Rb1 Nc4 19. b3 Nce5 {[%cal Bc4e5,Be5d7,Bd7c5,Bc5d3,Bd3f2][%mdl 32]} 20. Nh2 Nb6 21. a4 b4 22. Be3 (22. a5 $11 {keeps the balance.} Nc8 23. Bb2) 22... a5 $1 $17 23. Ne2 Ba6 24. f4 Ned7 25. Bf2 Rc8 26. Nf3 Qc7 27. Ng3 (27. Rc1 $142) 27... c4 28. Nd4 Nc5 29. Nc6 (29. Rc1 $15) 29... cxb3 30. Bxb3 Nd3 31. Re3 (31. Qf3 $17) 31... Nxf2 $19 ({Stronger than} 31... Nxf4 32. Rf3 $11) 32. Kxf2 Nd7 33. Rc1 {With the idea Ne7+!} Qb6 34. Bc4 Bxc4 35. Rxc4 Nc5 36. Kf3 {[#]} b3 $2 {[#]} (36... f5 $1 $19 {[%mdl 512] Strongly threatening ...Bf6.} 37. Qe1 (37. exf5 Rxe3+) 37... Rxc6 38. dxc6 b3) 37. Rxc5 $1 $15 {[%mdl 512]} Qxc5 38. Rxb3 Qc4 (38... h5 $1 $15 39. Qd3 Qc1) 39. Qd3 $11 Qxa4 {Threatens to win with ...Qa1.} 40. Ra3 {[#]} Rxc6 $1 {[%mdl 512]} 41. Rxa4 (41. dxc6 Qxc6) 41... Rc3 42. Qxc3 Bxc3 {[%mdl 4096] Endgame KRB-KRN} 43. Ne2 Rc8 44. Ra2 {aiming for Rc2.} Bb4 45. e5 Kf8 46. Ke4 Ke8 47. Kd4 Kd7 48. g4 h6 49. h4 Bc5+ 50. Ke4 Bb4 51. h5 (51. Nd4 {is more complex.} Rc4 52. Kd3 Rc3+ 53. Ke4 Rc4) 51... dxe5 52. hxg6 exf4 53. gxf7 Ke7 54. Nxf4 Kxf7 55. Nd3 Rc4+ 56. Kf5 {Ne5+ is the strong threat.} Ke7 57. Ne5 Rc1 58. Nd3 Rf1+ 59. Ke5 Bc3+ 60. Ke4 Rg1 61. Kf5 Kd6 62. Rc2 Bd4 63. Nf4 Bc5 64. Rh2 a4 (64... Rf1 $11 {remains equal.} 65. Rxh6+ Kd7) 65. Rxh6+ $16 Kd7 {[#]} 66. Nd3 $1 {[%cal Rd3c5]} Bd6 67. Rh7+ Kc8 $1 68. Ke6 a3 $2 {[%mdl 8192]} (68... Bc7 $14) 69. Kxd6 $18 {White wants to mate with Rc7+. KRN-KR} a2 70. Rh8+ Kb7 71. Nc5+ Ka7 72. Rh7+ Ka8 73. Rh8+ Ka7 74. Rh7+ Ka8 $1 75. Nb3 Rxg4 76. Rh2 Ra4 77. Na1 Kb7 78. Ke7 (78. Kd7 $142 Kb6 79. d6 Ra3 80. Ke7 Re3+ 81. Kd8 Re1 82. Rxa2 Rh1 83. Re2 Rxa1 84. d7) 78... Re4+ {[#]} 79. Kd7 $1 {White mates.} Ra4 80. Rb2+ Ka6 81. d6 Ka5 82. Kc7 {Precision: White = 70%, Black = 66%.} 1-0

[Event "World Team-ch Open 2019"]
[Site "Astana"]
[Date "2019.03.07"]
[Round "3.13"]
[White "Jumabayev, Rinat"]
[Black "Naiditsch, Arkadij"]
[Result "1/2-1/2"]
[WhiteElo "2609"]
[BlackElo "2710"]
[Annotator "TA"]
[PlyCount "95"]
[EventDate "2019.02.05"]
[EventType "team-tourn"]
[EventCountry "KAZ"]
[SourceTitle "playchess.com"]
[Source "ChessBase"]
[SourceQuality "1"]
[WhiteTeam "Kazakhstan"]
[BlackTeam "Azerbaijan"]
[WhiteTeamCountry "KAZ"]
[BlackTeamCountry "AZE"]

{[%evp 20,95,15,20,11,14,11,14,20,7,20,13,19,10,20,18,28,8,24,19,33,32,32,22,20,7,8,8,17,0,0,0,34,13,21,0,0,0,0,0,6,0,0,0,0,0,0,0,0,0,0,-4,-4,-20,-17,-30,0,-6,0,0,0,0,0,0,0,0,0,0,0,0,0,0,0,0,0,0,0,0]} 1. d4 Nf6 2. c4 e6 3. Nf3 d5 4. g3 dxc4 5. Bg2 c5 6. O-O Nc6 7. dxc5 Qxd1 8. Rxd1 Bxc5 9. Nbd2 c3 10. bxc3 O-O 11. Nb3 Be7 {E04: Open Catalan: 5 Nf3} 12. Nfd4 (12. c4 Bd7 13. Bb2 Rfd8 14. Nfd4 Rab8 15. Nxc6 Bxc6 16. Rxd8+ Rxd8 17. Bxc6 bxc6 18. Bxf6 Bxf6 19. Rc1 g5 20. c5 Kf8 {1-0 (36) Giri,A (2780)-Wojtaszek,R (2749) Shenzhen 2018}) 12... Nxd4 13. cxd4 Nd5 14. Bb2 f5 15. a4 b6 16. Ba3 $146 ({Predecessor:} 16. e3 Bb7 17. Rdc1 Rfc8 18. a5 Rxc1+ 19. Nxc1 {½-½ (36) Ryska,J (1979)-Latal,F (2089) ICCF email 2013}) 16... Bxa3 17. Rxa3 Ba6 18. e3 Rac8 19. a5 {[#] And now Bxd5 would win.} Nc3 20. Rda1 Bc4 {Hoping for ...Nb5.} 21. axb6 axb6 {Strongly threatening ...Nb5.} 22. Nc1 Nb5 23. Ra4 Nc3 24. R4a3 Nb5 25. Ra4 Nd6 26. Na2 Bb5 27. Ra7 (27. Ra3 {feels hotter.} Rc2 28. Rb3 Rfc8 29. Rbb1 R2c7 30. Nb4) 27... Rf7 28. Rxf7 Kxf7 29. Nb4 Kf6 30. Rb1 Rc3 31. h4 h6 32. Bf1 Bc4 33. Bxc4 Nxc4 $11 {[%mdl 4096] Endgame KRN-KRN} 34. Ra1 g5 35. hxg5+ hxg5 36. Rd1 Rb3 37. Nc6 Rc3 38. d5 {[#] Threatens to win with d6.The position is equal.} exd5 39. Rxd5 Rc1+ 40. Kh2 Rb1 41. Nd4 Ne5 42. Kh3 g4+ 43. Kg2 Rb2 44. Rd6+ Kg5 45. Ne6+ Kf6 46. Nd4+ Kg5 47. Ne6+ Kf6 48. Nd4+ {Accuracy: White = 58%, Black = 66%.} 1/2-1/2

[Event "World Team-ch Open 2019"]
[Site "Astana"]
[Date "2019.03.07"]
[Round "3.14"]
[White "Mamedov, Rauf"]
[Black "Ismagambetov, Anuar"]
[Result "0-1"]
[WhiteElo "2701"]
[BlackElo "2545"]
[Annotator "TA"]
[PlyCount "174"]
[EventDate "2019.02.05"]
[EventType "team-tourn"]
[EventCountry "KAZ"]
[SourceTitle "playchess.com"]
[Source "ChessBase"]
[SourceQuality "1"]
[WhiteTeam "Azerbaijan"]
[BlackTeam "Kazakhstan"]
[WhiteTeamCountry "AZE"]
[BlackTeamCountry "KAZ"]

{[%evp 12,174,20,0,19,0,18,6,14,12,14,9,13,0,11,8,44,25,40,32,36,9,27,8,51,35,45,62,67,64,67,32,67,25,41,43,41,-26,45,0,0,-31,-28,-29,-23,-48,-24,-24,-13,-11,-18,-83,0,0,0,-89,-2,-11,0,0,0,0,55,55,60,0,0,-103,-107,-120,-128,-103,0,-183,-166,-185,-185,-316,-339,-343,-345,-488,-478,-497,-480,-525,-525,-748,-755,-714,-708,-606,-354,-336,-333,-343,-354,-354,-354,-354,-309,-308,-285,-364,-346,-400,-385,-378,-331,-440,-497,-467,-433,-497,-491,-699,-672,-785,-749,-1574,-1314,-1902,-995,-968,-826,-875,-849,-805,-706,-715,-623,-954,-883,-995,-988,-988,-988,-980,-980,-967,-953,-945,-935,-929,-929,-1500,-904,-4884,-1269,-1693,-884,-876,-833,-29967,-29970,-29970,-5089,-29958,-4710,-29973,-29973,-29986,-29987,-29989,-87]} 1. e4 c5 2. Nf3 d6 3. d4 cxd4 4. Nxd4 Nf6 5. Nc3 a6 6. Nb3 Nc6 7. a4 g6 {B90: Sicilian Najdorf: Unusual White 6th moves, 6 Be3 Ng4 and 6 Be3 e5} 8. a5 Bg7 $146 ({Predecessor:} 8... Be6 9. Be3 Bxb3 10. cxb3 Bg7 11. Nd5 O-O 12. Nxf6+ Bxf6 {½-½ (12) Iordachescu,V (2632)-Brodsky,M (2549) Bad Wiessee 2010}) 9. Be3 O-O {The position is equal.} 10. Bb6 Qe8 11. Be2 Be6 12. O-O Rc8 13. Nd4 Bd7 14. Re1 Nb4 15. Bf3 e5 16. Nde2 Qe6 17. Nc1 Rc4 18. Nd3 Rfc8 19. Qd2 Nxd3 20. cxd3 R4c6 $1 21. d4 Qe8 22. h3 Qf8 23. Bd1 Rc4 24. d5 (24. dxe5 $14 dxe5 25. Bb3) 24... Ne8 (24... Bh6 $11 25. Qe2 Rb4) 25. Bb3 Rb4 26. Ba4 Nf6 27. Bxd7 Nxd7 28. Na4 Rbc4 29. Qd3 f5 30. Qb3 Bh6 31. Ba7 (31. Be3 $11 Bxe3 32. Rxe3) 31... R4c7 ({Worse is} 31... Rxe4 32. Rxe4 fxe4 33. Qxb7 $16) (31... Bd2 $1 $17 {[%cal Rd2e1]} 32. Rf1 R8c7 33. exf5 Qxf5) 32. Bb6 $11 Rc4 ({Black should try} 32... Nxb6 $11 33. Nxb6 Rd8) 33. Ba7 $17 fxe4 ({Inferior is} 33... Rxe4 34. Rxe4 fxe4 35. Qxb7 $16) (33... Bd2 $17 34. Rf1 R8c7 35. exf5 Qxf5) 34. Nc3 $11 Nf6 {...Bd2 is the strong threat.} 35. Qxb7 Bd2 36. Qxa6 Bxc3 (36... Bxe1 $11 37. Rxe1 Rb4) 37. bxc3 $14 Nxd5 38. Rad1 (38. Be3 $1 $14) 38... R4c6 39. Bb6 (39. Qf1 $1 $11) 39... Nxc3 $17 40. Rd2 d5 $36 {[%mdl 2048] Black is on the roll.} 41. Qb7 Qb4 ({Better is} 41... Qe8 $17 {aiming for ...Rb8.} 42. a6 Rb8) 42. Qd7 $2 (42. Ra1 $1 $11 {and White is okay.}) 42... d4 $19 43. Kh2 Qf8 {White must now prevent ...Qf4+.} 44. Rxe4 (44. Rb2 $142) 44... Nxe4 45. Qd5+ Kg7 46. Qxe4 (46. Qxe5+ $142 Nf6 47. Qxd4) 46... Qf5 $1 {[%cal Rf5e4]} 47. Qxf5 gxf5 {[%mdl 4096] Endgame KRR-KRB} 48. f4 {[#]} Rc2 $1 {[%cal Rc2d2]} 49. Rd1 Rc1 50. Rd2 {[#]} R8c2 $1 {[%cal Rc2d2]} 51. Rd3 Rc3 52. Rd2 R1c2 53. Rd1 d3 54. fxe5 Kf7 55. a6 Ra2 56. a7 Ke6 57. Bd4 Rb3 58. Rd2 Ra4 59. Kg3 Kd5 60. e6 Kxe6 61. Kf3 Kd5 62. Be3 {[#]} f4 $1 63. Bf2 (63. a8=R $142 Rxa8 64. Bxf4) (63. Bxf4 Rxa7) 63... Kc4 64. Kxf4 Rb7 {Strongly threatening ...Kc3+.} 65. Be3 Kc3+ 66. Kg5 Raxa7 67. Rd1 Ra5+ 68. Kh6 Ra6+ 69. Kh5 Rb5+ 70. Kh4 Ra2 71. g4 Re2 72. Rc1+ Kb2 73. Bh6 Rb6 74. Bf4 d2 75. Bxd2 Rxd2 76. Rh1 Kc3 77. Kh5 Kd4 78. g5 Re6 79. h4 Kd5 80. Rf1 Rh2 81. Rd1+ Ke5 82. Rd7 Kf4 83. Ra7 Re1 (83... Re5 $142 84. Ra4+ Re4 85. Ra5 Ke3 86. Ra3+ Kd4 87. Ra4+ Kd5 88. Ra5+ Kc6 89. Kh6 Rexh4+ 90. Kg7 Rg4 91. Ra6+ Kb5 92. Ra1 Rxg5+ 93. Kf6 Rg3 94. Rb1+ Kc4 95. Rc1+ Rc3 96. Re1 h5 97. Re8 h4 98. Kg5 Rg3+ 99. Kh6 h3 100. Rc8+ Kd4 101. Rd8+ Ke4 102. Re8+ Kf3 103. Rf8+ Kg2 104. Ra8 Rf3 105. Re8 Rh1 106. Kh5 Rhf1 107. Re2+ Kg1 108. Re6 h2 109. Rg6+ Kf2 110. Rg4 h1=Q+ 111. Kg5 Ke3 112. Rc4 Rf5+ 113. Kg6 Qh5+ 114. Kg7 Rg5#) 84. Ra3 Re4 85. Ra7 Kf5 {[%csl Ge4][%cal Rh2h4] Black mates.} 86. Rf7+ Ke6 {[%csl Ge4][%cal Rh2h4]} 87. Rxh7 Rhxh4+ {Accuracy: White = 42%, Black = 50%.} 0-1